E. C. Ricart : el maestro de la xilografía / el maestro de la xilografía /
Descripción Física:
Il·lustracions
Colección:
San Jorge,
; núm. 19 (juliol 1955), pàg 33-36
Idioma:
Español
MARC
| LEADER | 00000naa a2200000 a 4500 | ||
|---|---|---|---|
| 003 | Arxiu | ||
| 005 | 20260324181036.0 | ||
| 008 | 160829s1955 spcaxx s spa c | ||
| 040 | |a AGDB | ||
| 100 | 1 | |a Solé, Magda |9 55552 |e autor | |
| 245 | 1 | 0 | |a E. C. Ricart : |b el maestro de la xilografía / |c Magda Solé Riba |
| 300 | |b Il·lustracions | ||
| 490 | |a San Jorge, |v núm. 19 (juliol 1955), pàg 33-36 | ||
| 600 | 1 | 0 | |a Ricart, Enric C., |d 1893-1960 |9 24139 |
| 650 | 0 | |a Xilografia |z Catalunya |y S. XX |9 29430 | |
| 773 | |g Núm. 19 (juliol 1955), pàg 33-36 |t San Jorge. | ||
| 901 | |a Arxiu | ||
| 942 | |n 1 |2 udc |c ART | ||
| 952 | |0 0 |1 0 |4 0 |6 REV510 |7 1 |9 65245 |a Arxiu |b Arxiu |d 2023-02-08 |o Rev-510 |r 2023-02-08 00:00:00 |w 2023-02-08 |y ARXIU |z També disponible a Rev-524 | ||
| 999 | |c 48504 |d 48504 | ||